| 000 | 00989nas a2200289 4500 | ||
|---|---|---|---|
| 001 | BR8708139 | ||
| 003 | BR-BrBNA | ||
| 005 | 20231205091002.0 | ||
| 007 | ta | ||
| 008 | 230509b bl.|||p| |||| 00| 00por d | ||
| 040 |
_aBR-BrBNA _bpor _cBiblioteca Nacional de Agricultura |
||
| 041 | _a(Pt) | ||
| 072 | _aL73 | ||
| 100 | 1 | _aBarros, G.C. de | |
| 100 | 1 | _aVianni, M. da C.E. | |
| 100 | 1 | _aNogueira, Y.A. | |
| 245 | 1 | _aPatogenicidade atribuida a Pseudomonas fluorescens em trutas arco-iris (Salmo gairdneri Richardson) | |
| 246 | 1 | _aPathogenicity of pseudomonas fluorescens in rainbow trouts (Salmo gairdneri Richardson) | |
| 650 | _aDOENCA ANIMAL | ||
| 650 | _aPSEUDOMONAS | ||
| 650 | _aBACTERIA | ||
| 650 | _aTRUTA | ||
| 650 | _aPEIXE | ||
| 773 | 0 |
_tRevista da Faculdade de Medicina Veterinaria e Zootecnia da Universidade de Sao Paulo (Brazil) _xISSN 0303-7525 _g(1986), v. 23(2) p. 167-173 _wBR8708139 |
|
| 909 |
_a202311 _bLúcia _c55 _dLúcia Elande |
||
| 942 |
_2AGRIS _n0 _cANA |
||
| 999 |
_c122043 _d122043 |
||